History of oriental astronomy (Record no. 15843)

MARC details
000 -LEADER
fixed length control field 00880nam a2200217Ia 4500
003 - CONTROL NUMBER IDENTIFIER
control field IN-BaIIA
008 - FIXED-LENGTH DATA ELEMENTS--GENERAL INFORMATION
fixed length control field 211028s9999 xx 000 0 eng d
020 ## - INTERNATIONAL STANDARD BOOK NUMBER
International Standard Book Number 1-4020-0657-8
040 ## - CATALOGING SOURCE
Transcribing agency IIA Library
080 ## - UNIVERSAL DECIMAL CLASSIFICATION NUMBER
Universal Decimal Classification number 52(082.1)
Item number ASS-275
111 ## - MAIN ENTRY--MEETING NAME
Meeting name or jurisdiction name as entry element General Assembly of International Astronomical Union
Location of meeting Kyoto
Date of meeting or treaty signing 1997 Aug. 25-26
9 (RLIN) 29189
245 #0 - TITLE STATEMENT
Title History of oriental astronomy
Remainder of title proceedings of the joint discussion-17 at the 23rd general assembly of the International Astronomical Union Kyoto, August 25-26, 1997
Statement of responsibility, etc. edited by R. S. M. Ansari
260 ## - PUBLICATION, DISTRIBUTION, ETC.
Place of publication, distribution, etc. Dordrecht
Name of publisher, distributor, etc. Kluwer Academic
Date of publication, distribution, etc. 2002
300 ## - PHYSICAL DESCRIPTION
Extent jxiii, 282p.
490 ## - SERIES STATEMENT
Series statement Astrophysics and space science library; v. 275
650 ## - SUBJECT ADDED ENTRY--TOPICAL TERM
Topical term or geographic name entry element Astronomy
9 (RLIN) 80
650 ## - SUBJECT ADDED ENTRY--TOPICAL TERM
Topical term or geographic name entry element History
9 (RLIN) 7064
700 ## - ADDED ENTRY--PERSONAL NAME
Personal name Ansari, R. S. M., ed.
9 (RLIN) 29190
710 ## - ADDED ENTRY--CORPORATE NAME
Corporate name or jurisdiction name as entry element International Astronomical Union
942 ## - ADDED ENTRY ELEMENTS (KOHA)
Koha item type Books
Holdings
Withdrawn status Lost status Damaged status Not for loan Home library Current library Shelving location Date acquired Source of acquisition Cost, normal purchase price Total Checkouts Full call number Barcode Date last seen Cost, replacement price Price effective from Koha item type Purchase Price
        IIA Library-Bangalore IIA Library-Bangalore General Stacks 15/03/2005 PBPL 8836.52   52(082.1)/ ASS-275 16765 05/11/2021 8836.52 15/03/2005 Books Rs. 8836.52

Powered by Koha